[Event "Pozarevac Rudar 18th"]
[Site "Pozarevac"]
[Date "2023.11.10"]
[Round "4"]
[White "Bozinovic, Boban"]
[Black "Karthik, Sai Ch"]
[Result "0-1"]
[WhiteElo "1960"]
[BlackElo "2041"]
[PlyCount "80"]
[EventDate "2023.11.07"]
[EventType "schev"]
[EventRounds "8"]
[EventCountry "SRB"]
[SourceTitle "CB46_2023"]
[SourceDate "2023.11.15"]
[SourceVersion "1"]
[SourceVersionDate "2023.11.15"]
[SourceQuality "1"]
[WhiteTeam "Team B"]
[BlackTeam "Team C"]
[WhiteTeamCountry "SRB"]
[BlackTeamCountry "SRB"]

1. e4 c6 2. d4 d5 3. Nc3 dxe4 4. Nxe4 Nf6 5. Nxf6+ exf6 6. c3 Bd6 7. Bd3 0-0 8. Ne2 Re8 9. 0-0 Nd7 10. Qc2 h5 11. Re1 Nf8 12. Bd2 Bd7 13. Rad1 h4 14. h3 Bb8 15. Nf4 Be6 16. Kf1 Qd6 17. Qc1 Bc7 18. b3 Rad8 19. Be3 g5 20. Nh5 Bd5 21. f4 Ng6 22. Qc2 Rxe3 23. Rxe3 Nxf4 24. Nxf4 gxf4 25. Rf3 Bxf3 26. gxf3 f5 27. Bxf5 Qf6 28. Kf2 Rd5 29. Rg1+ Kf8 30. Bc8 Bb6 31. Rg4 Bxd4+ 32. cxd4 Qxd4+ 33. Kf1 Rc5 34. Rxf4 Qe3 35. Qf2 Rc1+ 36. Kg2 Qxf4 37. Bxb7 Qg5+ 38. Kh2 Qg6 39. Ba6 Rc2 40. Be2 Qg3+ 0-1

[Event "Pozarevac Rudar IM 11"]
[Site "Pozarevac"]
[Date "2023.11.04"]
[Round "6.4"]
[White "Srdanovic, Jovana"]
[Black "Karthik, Sai Ch"]
[Result "1/2-1/2"]
[WhiteElo "2143"]
[BlackElo "2041"]
[PlyCount "80"]
[EventDate "2023.10.30"]
[EventType "tourn"]
[EventRounds "9"]
[EventCountry "SRB"]
[SourceTitle "CB46_2023"]
[SourceDate "2023.11.15"]
[SourceVersion "1"]
[SourceVersionDate "2023.11.15"]
[SourceQuality "1"]

1. d4 d5 2. c4 c6 3. cxd5 cxd5 4. Nc3 Nf6 5. Bf4 Nc6 6. e3 a6 7. Be2 e6 8. Nf3 Bd6 9. Bg3 0-0 10. Rc1 Ne4 11. Nxe4 dxe4 12. Nd2 f5 13. 0-0 Bxg3 14. hxg3 Ne7 15. Nc4 b5 16. Ne5 Bd7 17. Rc5 Nd5 18. Qb3 Be8 19. Rfc1 g5 20. Qc2 g4 21. Rc8 Rxc8 22. Qxc8 Qd6 23. Qc5 Qxc5 24. Rxc5 Kg7 25. Rc8 Bf7 26. Rc5 Ra8 27. a3 Be8 28. Bd1 Kf6 29. Bb3 Ne7 30. Kf1 Rc8 31. Rxc8 Nxc8 32. Ke2 Nd6 33. Kd2 a5 34. Bd1 h5 35. Be2 Kg5 36. Bf1 Kf6 37. Kc3 Ke7 38. Be2 Nc8 39. Bd1 Nb6 40. Bb3 Kf6 1/2-1/2

[Event "Pozarevac Rudar IM 11"]
[Site "Pozarevac"]
[Date "2023.10.30"]
[Round "1.5"]
[White "Karthik, Sai Ch"]
[Black "Djokic, Nebojsa"]
[Result "1-0"]
[WhiteElo "2041"]
[BlackElo "2190"]
[PlyCount "93"]
[EventDate "2023.10.30"]
[EventType "tourn"]
[EventRounds "9"]
[EventCountry "SRB"]
[SourceTitle "CB46_2023"]
[SourceDate "2023.11.15"]
[SourceVersion "1"]
[SourceVersionDate "2023.11.15"]
[SourceQuality "1"]

1. d4 Nf6 2. Nf3 g6 3. Nc3 d5 4. Bf4 c6 5. e3 Bg7 6. Be2 a5 7. a4 Nbd7 8. h4 h5 9. Ne5 Nxe5 10. Bxe5 Kf8 11. 0-0 Nd7 12. Bg3 e5 13. dxe5 Nxe5 14. e4 d4 15. Nb1 Qb6 16. Nd2 Be6 17. Kh1 Rd8 18. Bxe5 Bxe5 19. f4 Bb8 20. Bd3 Bg4 21. Qe1 Kg7 22. Nc4 Qb4 23. Nxa5 Qe7 24. Nc4 Rhe8 25. Qf2 Qc5 26. Nd2 f5 27. e5 Qb4 28. Ra3 Rd7 29. Nc4 Qe7 30. a5 Bc7 31. Rb3 Rb8 32. Ra1 Bd8 33. g3 Ra8 34. Rba3 Qe6 35. Kh2 Qd5 36. b4 c5 37. b5 Re7 38. a6 bxa6 39. Rxa6 Rxa6 40. Rxa6 Bc7 41. Nd2 Qb7 42. Qg2 Bb6 43. Qxb7 Rxb7 44. Kg2 Bd1 45. Nc4 Bd8 46. Nd6 Rb8 47. Ra7+ 1-0

[Event "Titled Tuesday intern op 16th May Early"]
[Site "Chess.com INT"]
[Date "2023.05.16"]
[Round "7"]
[White "Karthik, Sai Ch"]
[Black "Ciuffoletti, Paolo"]
[Result "1-0"]
[WhiteElo "1989"]
[BlackElo "2106"]
[PlyCount "53"]
[EventDate "2023.05.16"]
[EventType "swiss (blitz)"]
[EventRounds "11"]
[EventCountry "USA"]
[SourceTitle "CBM 214 Extra"]
[Source "ChessBase"]
[SourceDate "2023.07.31"]
[SourceVersion "1"]
[SourceVersionDate "2023.07.31"]
[SourceQuality "1"]

1. e4 c5 2. Nf3 Nc6 3. Bb5 e6 4. b3 Nge7 5. Bb2 a6 6. Be2 Ng6 7. g3 f6 8. 0-0 Be7 9. d4 cxd4 10. Nxd4 0-0 11. c4 Bc5 12. Nc2 Qe7 13. Kg2 b6 14. f4 Bb7 15. Bf3 Rfd8 16. a3 a5 17. Nc3 Qf7 18. Qe2 Nce7 19. b4 axb4 20. axb4 Bd6 21. Nb5 Rxa1 22. Rxa1 Bb8 23. Qe3 d5 24. Rd1 Qe8 25. Qxb6 dxe4 26. Rxd8 exf3+ 27. Kf2 1-0

[Event "Titled Tuesday intern op 16th May Early"]
[Site "Chess.com INT"]
[Date "2023.05.16"]
[Round "10"]
[White "Karthik, Sai Ch"]
[Black "Cramling Bellon, Anna"]
[Result "0-1"]
[WhiteElo "1989"]
[BlackElo "2043"]
[PlyCount "84"]
[EventDate "2023.05.16"]
[EventType "swiss (blitz)"]
[EventRounds "11"]
[EventCountry "USA"]
[SourceTitle "CBM 214 Extra"]
[Source "ChessBase"]
[SourceDate "2023.07.31"]
[SourceVersion "1"]
[SourceVersionDate "2023.07.31"]
[SourceQuality "1"]

1. e4 c5 2. Nf3 e6 3. b3 d5 4. Bb5+ Nc6 5. exd5 exd5 6. Qe2+ Be7 7. Bb2 d4 8. Ne5 Bd7 9. Nxd7 Qxd7 10. 0-0 Nf6 11. c3 0-0 12. Bxc6 bxc6 13. cxd4 cxd4 14. Na3 Nd5 15. Nc4 Nf4 16. Qf3 Bg5 17. h4 Bh6 18. Ne5 Qe7 19. Nxc6 Ne2+ 20. Kh2 Qxh4+ 21. Qh3 Qf6 22. Nb4 Nf4 23. Qg4 Rfe8 24. g3 Re5 25. gxf4 Bxf4+ 26. Kg2 Rg5 27. f3 Bxd2 28. Nd5 Rxg4+ 29. fxg4 Qg5 30. Nc7 Qxg4+ 31. Kf2 Be3+ 32. Ke1 Qg3+ 33. Kd1 Qxc7 34. Ke2 Qh2+ 35. Kd3 Qd2+ 36. Ke4 Re8+ 37. Kd5 Qa5+ 38. Kc4 Qa6+ 39. Kb4 Rb8+ 40. Kc5 Qb5+ 41. Kd6 Rd8+ 42. Kc7 Qd7# 0-1

[Event "Titled Tuesday intern op 16th May Early"]
[Site "Chess.com INT"]
[Date "2023.05.16"]
[Round "9"]
[White "Karthik, Sai Ch"]
[Black "Lehtosaari, Mauri"]
[Result "0-1"]
[WhiteElo "1989"]
[BlackElo "2176"]
[PlyCount "136"]
[EventDate "2023.05.16"]
[EventType "swiss (blitz)"]
[EventRounds "11"]
[EventCountry "USA"]
[SourceTitle "CBM 214 Extra"]
[Source "ChessBase"]
[SourceDate "2023.07.31"]
[SourceVersion "1"]
[SourceVersionDate "2023.07.31"]
[SourceQuality "1"]

1. e4 c5 2. Nf3 e6 3. b3 b6 4. Bb2 Bb7 5. e5 d6 6. Bb5+ Nd7 7. 0-0 a6 8. Bxd7+ Qxd7 9. exd6 Qxd6 10. d4 Nf6 11. c4 cxd4 12. Nxd4 Rd8 13. Qe2 Be7 14. Nd2 0-0 15. N2f3 Qf4 16. Qe5 Bd6 17. Qxf4 Bxf4 18. Rad1 Rfe8 19. Rfe1 Bc7 20. Kf1 h6 21. h3 Rd7 22. Nc2 Bxf3 23. gxf3 Red8 24. Rxd7 Rxd7 25. Bxf6 gxf6 26. Ke2 Kg7 27. Rd1 Rxd1 28. Kxd1 Kg6 29. Ke2 Kg5 30. Kf1 f5 31. Kg2 Kf4 32. Nb4 a5 33. Nc6 Kg5 34. a3 Kf6 35. b4 axb4 36. axb4 e5 37. f4 e4 38. Kg3 Bd6 39. b5 Bc5 40. Ne5 Ke6 41. Kg2 Bd4 42. Nc6 Bc3 43. f3 f6 44. Kf2 Kd6 45. Nd8 h5 46. Nc6 Bd2 47. Kg3 Be1+ 48. Kg2 Bc3 49. Kf2 Kc5 50. Ne7 Kxc4 51. Nxf5 exf3 52. Nd6+ Kc5 53. Ne4+ Kb4 54. Kxf3 Bd4 55. Nd6 Kc5 56. Ke4 Bc3 57. Ne8 Kxb5 58. Kf5 Kc4 59. Nxf6 b5 60. Ne4 b4 61. Kg6 b3 62. f5 b2 63. Nxc3 Kxc3 64. f6 b1Q+ 65. Kxh5 Qf5+ 66. Kh6 Qxf6+ 67. Kh7 Qh4+ 68. Kg6 Qxh3 0-1

[Event "Titled Tuesday intern op 25th Apr Early"]
[Site "Chess.com INT"]
[Date "2023.04.25"]
[Round "1"]
[White "Souleidis, Georgios"]
[Black "Karthik, Sai Ch"]
[Result "1/2-1/2"]
[WhiteElo "2419"]
[BlackElo "1989"]
[PlyCount "150"]
[EventDate "2023.04.25"]
[EventType "swiss (blitz)"]
[EventRounds "11"]
[EventCountry "USA"]
[SourceTitle "EXT 2024"]
[Source "ChessBase"]
[SourceDate "2023.10.10"]
[SourceVersion "1"]
[SourceVersionDate "2023.10.10"]
[SourceQuality "1"]

1. e4 c6 2. Nc3 d5 3. Nf3 dxe4 4. Nxe4 Nf6 5. Qe2 Nxe4 6. Qxe4 Nd7 7. d4 Nf6 8. Qd3 g6 9. Bg5 Bg7 10. 0-0-0 Bf5 11. Qe3 0-0 12. Bd3 Be6 13. Kb1 Nd5 14. Qd2 Qb6 15. a3 f6 16. Be3 Nxe3 17. Qxe3 Bf7 18. Qxe7 f5 19. Qc5 Qc7 20. Ne5 Rad8 21. f4 Rd5 22. Qc3 Bxe5 23. dxe5 Rfd8 24. Be2 Rxd1+ 25. Rxd1 Rxd1+ 26. Bxd1 Qd7 27. Qd3 Bd5 28. Bf3 Be6 29. Qxd7 Bxd7 30. b4 Kf7 31. c4 Ke6 32. Kb2 h6 33. Kc3 g5 34. g3 Bc8 35. Kd4 Bd7 36. Bg2 b6 37. c5 b5 38. Bf3 g4 39. Bd1 h5 40. a4 a6 41. Bb3+ Ke7 42. a5 Be6 43. Bc2 Kd7 44. Bd3 Ke7 45. Bf1 Kd7 46. h3 Ke7 47. hxg4 hxg4 48. Bg2 Kd7 49. Bh1 Kc7 50. Bg2 Kd7 51. Bf1 Kc7 52. Bd3 Kd7 53. Kc3 Kc7 54. Bc2 Kd7 55. Bb3 Bxb3 56. Kxb3 Ke6 57. Kc3 Kd5 58. Kd3 Ke6 59. Ke3 Ke7 60. Kd3 Kd7 61. Kc3 Ke7 62. Kd4 Ke6 63. Ke3 Ke7 64. Kd2 Kd7 65. Kc1 Ke6 66. Kb2 Ke7 67. Kb1 Kd7 68. Ka2 Ke6 69. Kb3 Ke7 70. Ka3 Kd7 71. Kb2 Ke7 72. Ka1 Kd7 73. Kb1 Ke7 74. Kc1 Kd7 75. Kb2 Ke7 1/2-1/2

[Event "Titled Tuesday intern op 18th Apr Early"]
[Site "Chess.com INT"]
[Date "2023.04.18"]
[Round "4"]
[White "Erzhanov, Arman"]
[Black "Karthik, Sai Ch"]
[Result "0-1"]
[WhiteElo "2228"]
[BlackElo "1989"]
[PlyCount "108"]
[EventDate "2023.04.18"]
[EventType "swiss (blitz)"]
[EventRounds "11"]
[EventCountry "USA"]
[SourceTitle "EXT 2024"]
[Source "ChessBase"]
[SourceDate "2023.10.10"]
[SourceVersion "1"]
[SourceVersionDate "2023.10.10"]
[SourceQuality "1"]

1. e4 c5 2. Nf3 d6 3. d4 cxd4 4. Qxd4 Bd7 5. Be2 Nc6 6. Qe3 g6 7. 0-0 Bg7 8. c4 Nf6 9. h3 0-0 10. Nc3 Ne5 11. Nd4 Rc8 12. b3 Ne8 13. Bb2 Nc7 14. a4 Na6 15. Nd5 e6 16. Nc3 Nb4 17. Ba3 Nec6 18. Nxc6 Nxc6 19. Bxd6 Qa5 20. Rac1 Rfd8 21. Rfd1 Be8 22. f4 e5 23. f5 Nd4 24. b4 Qa6 25. c5 Nxe2+ 26. Qxe2 Qxe2 27. Nxe2 Bxa4 28. Rd2 Bf8 29. Ra1 b5 30. Nc3 Bxd6 31. Nxa4 Bxc5+ 32. Nxc5 Rxd2 33. Rxa7 Rd4 34. f6 Rxb4 35. Nd7 Rxe4 36. Rb7 b4 37. Nc5 Rf4 38. Nd7 h5 39. g3 Rd4 40. Nxe5 Rc1+ 41. Kf2 Rc2+ 42. Kf3 Rd6 43. Rb8+ Kh7 44. g4 Rxf6+ 45. Kg3 Rc3+ 46. Kh4 Re6 47. Nxf7 Kg7 48. Ng5 Ree3 49. Rb7+ Kf6 50. Nh7+ Ke6 51. Ng5+ Kd6 52. gxh5 gxh5 53. Rxb4 Kc5 54. Rb8 Kd6 0-1

[Event "Titled Tuesday intern op 18th Apr Early"]
[Site "Chess.com INT"]
[Date "2023.04.18"]
[Round "3"]
[White "Karthik, Sai Ch"]
[Black "Hajiyev, Kanan"]
[Result "0-1"]
[WhiteElo "1989"]
[BlackElo "2194"]
[PlyCount "36"]
[EventDate "2023.04.18"]
[EventType "swiss (blitz)"]
[EventRounds "11"]
[EventCountry "USA"]
[SourceTitle "EXT 2024"]
[Source "ChessBase"]
[SourceDate "2023.10.10"]
[SourceVersion "1"]
[SourceVersionDate "2023.10.10"]
[SourceQuality "1"]

1. d4 Nf6 2. Nf3 e6 3. e3 c5 4. Bd3 b6 5. 0-0 Bb7 6. Nbd2 Be7 7. b3 cxd4 8. exd4 0-0 9. Bb2 d6 10. Qe2 Nbd7 11. a4 a6 12. c4 Qc7 13. a5 b5 14. cxb5 axb5 15. Bxb5 Rxa5 16. Ba4 Ba6 17. Rac1 Qxc1 18. Qxa6 Qxd2 0-1

[Event "Titled Tuesday intern op 18th Apr Early"]
[Site "Chess.com INT"]
[Date "2023.04.18"]
[Round "7"]
[White "Karthik, Sai Ch"]
[Black "Lisjak, Zlatko"]
[Result "1-0"]
[WhiteElo "1989"]
[BlackElo "2207"]
[PlyCount "47"]
[EventDate "2023.04.18"]
[EventType "swiss (blitz)"]
[EventRounds "11"]
[EventCountry "USA"]
[SourceTitle "EXT 2024"]
[Source "ChessBase"]
[SourceDate "2023.10.10"]
[SourceVersion "1"]
[SourceVersionDate "2023.10.10"]
[SourceQuality "1"]

1. d4 d6 2. Nf3 Bg4 3. e4 Nf6 4. Nc3 c6 5. Be2 e6 6. 0-0 d5 7. e5 Nfd7 8. h3 Bh5 9. a4 a5 10. g4 Bg6 11. h4 h5 12. g5 c5 13. Bf4 Nc6 14. Nb5 cxd4 15. Nbxd4 Qb6 16. c3 Qxb2 17. Nb5 Rc8 18. Ne1 Ndxe5 19. Nd3 Nxd3 20. Bxd3 Bxd3 21. Qxd3 Bc5 22. Bg3 0-0 23. Rfb1 Ne5 24. Qf1 1-0

[Event "Titled Tuesday intern op 18th Apr Early"]
[Site "Chess.com INT"]
[Date "2023.04.18"]
[Round "5"]
[White "Karthik, Sai Ch"]
[Black "Mouhamad, Joachin"]
[Result "0-1"]
[WhiteElo "1989"]
[BlackElo "2243"]
[PlyCount "102"]
[EventDate "2023.04.18"]
[EventType "swiss (blitz)"]
[EventRounds "11"]
[EventCountry "USA"]
[SourceTitle "EXT 2024"]
[Source "ChessBase"]
[SourceDate "2023.10.10"]
[SourceVersion "1"]
[SourceVersionDate "2023.10.10"]
[SourceQuality "1"]

1. d4 d5 2. Nf3 e6 3. e3 Nf6 4. Bd3 b6 5. 0-0 Bb7 6. Nbd2 Bd6 7. Ne5 Nbd7 8. f4 c5 9. b3 cxd4 10. exd4 0-0 11. Bb2 Ne4 12. Qe2 Ndf6 13. Rf3 Rc8 14. Rh3 g6 15. Re1 Nxd2 16. Qxd2 Ne4 17. Qe2 f6 18. Ng4 Bxf4 19. Bxe4 dxe4 20. d5 e5 21. c4 b5 22. Qxe4 bxc4 23. Nh6+ Kg7 24. Nf5+ Kh8 25. g3 Bxd5 26. Qe2 Qb6+ 27. Kf1 cxb3 28. axb3 Qxb3 29. Kg1 Qb6+ 30. Nd4 exd4 31. gxf4 d3+ 32. Qf2 d2 33. Rd1 Rc2 34. Bd4 Qb4 35. Qh4 Qe7 36. Re3 Be4 37. Qf2 Re8 38. Rxd2 Rxd2 39. Qxd2 Kg8 40. Qa2+ Qe6 41. Qxe6+ Rxe6 42. Bxa7 f5 43. Bd4 Rd6 44. Be5 Rd1+ 45. Kf2 Rc1 46. Ra3 Rc2+ 47. Kg3 Kf7 48. Ra7+ Ke6 49. Rxh7 Rg2+ 50. Kh3 Rg4 51. Rh4 Bg2# 0-1

[Event "Titled Tuesday intern op 18th Apr Early"]
[Site "Chess.com INT"]
[Date "2023.04.18"]
[Round "11"]
[White "Karthik, Sai Ch"]
[Black "Shuvalov, Evgenij"]
[Result "1/2-1/2"]
[WhiteElo "1989"]
[BlackElo "2118"]
[PlyCount "181"]
[EventDate "2023.04.18"]
[EventType "swiss (blitz)"]
[EventRounds "11"]
[EventCountry "USA"]
[SourceTitle "EXT 2024"]
[Source "ChessBase"]
[SourceDate "2023.10.10"]
[SourceVersion "1"]
[SourceVersionDate "2023.10.10"]
[SourceQuality "1"]

1. d4 Nf6 2. Nf3 g6 3. Nc3 d5 4. Bf4 a6 5. e3 Bg7 6. Be2 0-0 7. h4 Bg4 8. Ne5 Bxe2 9. Qxe2 Nbd7 10. g4 Nxe5 11. Bxe5 Ne4 12. Nxe4 dxe4 13. Bxg7 Kxg7 14. 0-0-0 h6 15. h5 g5 16. f4 exf3 17. Qxf3 c6 18. e4 Qd6 19. e5 Qd5 20. Qxd5 cxd5 21. Rd3 f6 22. Rb3 Rab8 23. Re1 f5 24. gxf5 Rxf5 25. Rb6 g4 26. Rg6+ Kh7 27. Rxg4 Rxh5 28. Reg1 Rg5 29. Rxg5 hxg5 30. Rxg5 Rf8 31. b3 Rf4 32. c3 e6 33. Kb2 b5 34. Rg2 b4 35. a3 bxc3+ 36. Kxc3 a5 37. b4 Rf3+ 38. Kb2 a4 39. Ka2 Rd3 40. Rg4 Rd2+ 41. Kb1 Rd3 42. Kb2 Rb3+ 43. Ka2 Rd3 44. Kb2 Rb3+ 45. Ka2 Rd3 46. Rf4 Kg7 47. Rf6 Rxd4 48. Rxe6 Rd2+ 49. Kb1 Rd3 50. Kb2 Rd2+ 51. Kc3 Ra2 52. b5 Rxa3+ 53. Kd4 Rb3 54. b6 a3 55. Kxd5 a2 56. Re7+ Kg6 57. Ra7 Rxb6 58. Rxa2 Kf7 59. Ra7+ Ke8 60. Rh7 Ra6 61. Ke4 Rb6 62. Kf5 Ra6 63. Rc7 Rb6 64. Rc1 Ra6 65. Re1 Ke7 66. Rh1 Rb6 67. Rh8 Ra6 68. Rh7+ Ke8 69. Kf4 Rb6 70. Kg5 Ra6 71. Kf5 Rb6 72. Rg7 Ra6 73. Rg8+ Ke7 74. Rb8 Rc6 75. Rb7+ Ke8 76. Ra7 Rb6 77. Ra4 Rc6 78. Rf4 Ke7 79. Kg5 Ra6 80. Rf6 Rxf6 81. exf6+ Kf7 82. Kf5 Kf8 83. Kf4 Kf7 84. Kg5 Kf8 85. Kg6 Kg8 86. Kh6 Kf7 87. Kg5 Kf8 88. Kg4 Kf7 89. Kf5 Kf8 90. Ke5 Kf7 91. Kf5 1/2-1/2

[Event "Titled Tuesday intern op 18th Apr Early"]
[Site "Chess.com INT"]
[Date "2023.04.18"]
[Round "10"]
[White "Karthik, Sai Ch"]
[Black "Wafa, Hamed"]
[Result "0-1"]
[WhiteElo "1989"]
[BlackElo "2042"]
[PlyCount "124"]
[EventDate "2023.04.18"]
[EventType "swiss (blitz)"]
[EventRounds "11"]
[EventCountry "USA"]
[SourceTitle "EXT 2024"]
[Source "ChessBase"]
[SourceDate "2023.10.10"]
[SourceVersion "1"]
[SourceVersionDate "2023.10.10"]
[SourceQuality "1"]

1. d4 Nf6 2. Nf3 c5 3. c3 d5 4. e3 Nc6 5. Bd3 Bg4 6. 0-0 e6 7. h3 Bh5 8. Nbd2 Be7 9. Be2 0-0 10. Ne5 Bxe2 11. Qxe2 Nxe5 12. dxe5 Nd7 13. f4 f6 14. exf6 Bxf6 15. e4 Qb6 16. e5 Be7 17. Nf3 c4+ 18. Be3 Bc5 19. Bd4 Bxd4+ 20. Nxd4 Nc5 21. Kh2 Ne4 22. Rf3 Rae8 23. Raf1 a6 24. g3 Qd8 25. Re3 Qa5 26. Rd1 Qxa2 27. Nxe6 Rxe6 28. Rxd5 Ng5 29. fxg5 Qb1 30. Rd1 Qf5 31. h4 b5 32. Kg2 Ree8 33. e6 Re7 34. Rd4 Rfe8 35. Rde4 Qd5 36. Kh2 Qd6 37. Qg4 Rf8 38. Re2 Qd1 39. Rf4 Rfe8 40. Qf3 Qd6 41. Rf2 Rxe6 42. Rf7 Re3 43. Qf5 Qxg3+ 44. Kh1 Re1+ 45. Rf1 Qxh4+ 46. Kg2 R8e2+ 47. Rf2 Qh1+ 48. Kg3 Rg1+ 49. Kf4 Rxf2+ 50. Ke5 Rxf5+ 51. Rxf5 Re1+ 52. Kd6 Qh2+ 53. Kc6 Qg2+ 54. Kb6 Re6+ 55. Ka5 Qc6 56. Rf4 Qb6+ 57. Kb4 a5+ 58. Ka3 Qc5+ 59. Ka2 b4 60. Rd4 b3+ 61. Kb1 Re1+ 62. Rd1 Rxd1# 0-1

[Event "Titled Tuesday intern op 18th Apr Early"]
[Site "Chess.com INT"]
[Date "2023.04.18"]
[Round "1"]
[White "Seemann, Jakub"]
[Black "Karthik, Sai Ch"]
[Result "1-0"]
[WhiteElo "2439"]
[BlackElo "1989"]
[PlyCount "153"]
[EventDate "2023.04.18"]
[EventType "swiss (blitz)"]
[EventRounds "11"]
[EventCountry "USA"]
[SourceTitle "EXT 2024"]
[Source "ChessBase"]
[SourceDate "2023.10.10"]
[SourceVersion "1"]
[SourceVersionDate "2023.10.10"]
[SourceQuality "1"]

1. e4 c6 2. d4 d5 3. exd5 cxd5 4. Bd3 Nc6 5. c3 Qc7 6. Nf3 Bg4 7. 0-0 e5 8. dxe5 Nxe5 9. Re1 Bd6 10. Qa4+ Bd7 11. Bb5 Bc6 12. Bf4 f6 13. Nd4 Ne7 14. Ne6 Qd7 15. Bxc6 bxc6 16. Nxg7+ Kf7 17. Nh5 Qg4 18. Ng3 h5 19. h3 Nf3+ 20. gxf3 Qxf4 21. Qxf4 Bxf4 22. Kf1 h4 23. Ne2 Bd6 24. Nd2 Rab8 25. Nb3 c5 26. Rab1 Rb6 27. Nd2 Rhb8 28. b3 a5 29. c4 d4 30. Nc1 f5 31. Nd3 Kf6 32. f4 Ng6 33. Nf3 Bxf4 34. Re2 Bd6 35. Rbe1 Bf8 36. Nfe5 Nxe5 37. Rxe5 a4 38. bxa4 Ra6 39. Nxc5 Bxc5 40. Rxc5 Rxa4 41. Ree5 Rb1+ 42. Kg2 Rxa2 43. Rxf5+ Kg6 44. Rg5+ Kf6 45. Rcf5+ Ke6 46. Rd5 Rd1 47. Rg4 d3 48. Re4+ Kf6 49. Red4 Rdd2 50. Rf4+ Ke6 51. Rf3 Ra3 52. Re3+ Kf6 53. c5 Rc3 54. c6 Rxc6 55. Rdxd3 Ra2 56. Rf3+ Kg5 57. Rd4 Rcc2 58. Rg4+ Kh5 59. Rf5+ Kh6 60. Rxh4+ Kg6 61. Rf3 Rc5 62. Rg4+ Kh6 63. Kg3 Raa5 64. Rff4 Rh5 65. Rh4 Rag5+ 66. Rfg4 Rxh4 67. Kxh4 Rh5+ 68. Kg3 Ra5 69. f3 Ra2 70. h4 Ra1 71. Rb4 Rg1+ 72. Kf4 Kh5 73. Kf5 Rf1 74. f4 Kxh4 75. Kf6 Kh5 76. f5 Kh6 77. Rh4# 1-0

[Event "Titled Tuesday intern op 28th Mar Early"]
[Site "Chess.com INT"]
[Date "2023.03.28"]
[Round "10"]
[White "Orlov, Georgi"]
[Black "Karthik, Sai Ch"]
[Result "0-1"]
[WhiteElo "2453"]
[BlackElo "1989"]
[PlyCount "82"]
[EventDate "2023.03.28"]
[EventType "swiss (blitz)"]
[EventRounds "11"]
[EventCountry "USA"]
[SourceTitle "EXT 2024"]
[Source "ChessBase"]
[SourceDate "2023.10.10"]
[SourceVersion "1"]
[SourceVersionDate "2023.10.10"]
[SourceQuality "1"]

1. e4 c6 2. Nc3 d5 3. Nf3 dxe4 4. Nxe4 Nf6 5. Nxf6+ exf6 6. Be2 Bd6 7. 0-0 0-0 8. b3 Qc7 9. a4 Bg4 10. h3 Bxf3 11. Bxf3 Nd7 12. d4 Rad8 13. Re1 f5 14. Qd3 g6 15. Bh6 Rfe8 16. Bg5 f6 17. Bd2 Kg7 18. a5 a6 19. Qc4 Nf8 20. Bb4 Bxb4 21. Qxb4 Ne6 22. c3 Nf4 23. Qc4 g5 24. Rxe8 Rxe8 25. d5 g4 26. hxg4 fxg4 27. Bxg4 Nxd5 28. Bf3 Nf4 29. Rd1 Ng6 30. Qg4 Re7 31. b4 Qe5 32. Qd4 Qg5 33. g3 h5 34. Qd2 Qe5 35. Qd4 Qg5 36. Kf1 h4 37. Qd6 Qb5+ 38. Kg2 Qf5 39. Rd4 h3+ 40. Kh2 Qxf3 41. Kxh3 Re1 0-1

[Event "Titled Tuesday intern op 28th Mar Early"]
[Site "Chess.com INT"]
[Date "2023.03.28"]
[Round "4"]
[White "Tanmay, Jain"]
[Black "Karthik, Sai Ch"]
[Result "1-0"]
[WhiteElo "2132"]
[BlackElo "1989"]
[PlyCount "65"]
[EventDate "2023.03.28"]
[EventType "swiss (blitz)"]
[EventRounds "11"]
[EventCountry "USA"]
[SourceTitle "EXT 2024"]
[Source "ChessBase"]
[SourceDate "2023.10.10"]
[SourceVersion "1"]
[SourceVersionDate "2023.10.10"]
[SourceQuality "1"]

1. e4 c5 2. Nf3 d6 3. d4 cxd4 4. Nxd4 Nf6 5. Nc3 a6 6. g3 e5 7. Nb3 Be7 8. Bg2 0-0 9. 0-0 Be6 10. Bg5 Nc6 11. Qd2 Qc7 12. Rac1 Rfd8 13. Nd5 Bxd5 14. exd5 Nb8 15. c4 Nbd7 16. h3 a5 17. Qc2 h6 18. Be3 b6 19. Nd2 Nc5 20. b3 Nfd7 21. a3 Na6 22. f4 exf4 23. Bxf4 Qc5+ 24. Kh2 Qxa3 25. Rce1 Bf6 26. Qf5 g6 27. Qg4 h5 28. Qf3 Bg7 29. Ne4 Ne5 30. Bxe5 dxe5 31. Qxf7+ Kh8 32. Qxg6 Rf8 33. Ng5 1-0

[Event "Hyderabad op 3rd"]
[Site "Hyderabad"]
[Date "2019.08.21"]
[Round "2"]
[White "Karthik, Sai Ch"]
[Black "Sahoo, Utkal Ranjan"]
[Result "0-1"]
[WhiteElo "1872"]
[BlackElo "2278"]
[PlyCount "89"]
[EventDate "2019.08.20"]
[EventType "swiss"]
[EventRounds "10"]
[EventCountry "IND"]
[SourceTitle "EXT 2020"]
[Source "ChessBase"]
[SourceDate "2019.10.17"]
[SourceVersion "1"]
[SourceVersionDate "2019.10.17"]
[SourceQuality "1"]

1. d4 d5 2. Bf4 Nf6 3. e3 e6 4. Nf3 Bd6 5. Bxd6 cxd6 6. c4 Qb6 7. Qb3 Nbd7 8. Nc3 dxc4 9. Bxc4 Qxb3 10. axb3 a6 11. b4 Ke7 12. Ke2 Nb6 13. Bd3 Nfd5 14. b5 a5 15. Ra3 Bd7 16. Rha1 Nxc3+ 17. bxc3 Rhc8 18. Nd2 d5 19. Rxa5 Rxa5 20. Rxa5 Rxc3 21. Ra7 Rc7 22. Nb3 Nc8 23. Ra8 Nd6 24. Nc5 Bxb5 25. Bxb5 Nxb5 26. Rb8 Nd6 27. f3 Rc6 28. Nxb7 Rc2+ 29. Kd3 Rb2 30. Na5 Rxg2 31. Nc6+ Kd7 32. Ne5+ Kc7 33. Ra8 f6 34. Nf7 Nc8 35. h4 Rh2 36. Ra1 Rxh4 37. Rc1+ Kd7 38. Rb1 Rh3 39. Rb7+ Ke8 40. Nh8 Rg3 41. Rb8 Kd7 42. Rb7+ Kc6 43. Rf7 Nd6 44. Re7 Rxf3 45. Rxg7 0-1

[Event "Commonwealth-ch U20"]
[Site "New Delhi"]
[Date "2019.07.03"]
[Round "3.2"]
[White "Mahindrakar, Indrajeet"]
[Black "Karthik, Sai Ch"]
[Result "1/2-1/2"]
[WhiteElo "2092"]
[BlackElo "1864"]
[PlyCount "60"]
[EventDate "2019.07.01"]
[EventType "swiss"]
[EventRounds "7"]
[EventCountry "IND"]
[SourceTitle "EXT 2024"]
[Source "ChessBase"]
[SourceDate "2023.10.10"]
[SourceVersion "1"]
[SourceVersionDate "2023.10.10"]
[SourceQuality "1"]

1. e4 c6 2. c4 d5 3. exd5 cxd5 4. cxd5 Nf6 5. Qa4+ Nbd7 6. Nc3 g6 7. Nf3 Bg7 8. Bc4 0-0 9. d3 a6 10. Qa3 Nb6 11. Qb3 Nxc4 12. dxc4 b5 13. 0-0 bxc4 14. Qxc4 e6 15. dxe6 Bxe6 16. Qh4 Nh5 17. Bg5 Qb8 18. Rad1 Qxb2 19. Ne4 h6 20. Bc1 Qxa2 21. Rfe1 Bf5 22. h3 Bxe4 23. Rxe4 Rae8 24. Ra4 Qc2 25. Rf1 g5 26. Qb4 Rb8 27. Qc4 Qxc4 28. Rxc4 Nf6 29. Rc6 a5 30. Ra6 Ra8 1/2-1/2

[Event "Gujarat op 1st"]
[Site "Ahmedabad"]
[Date "2018.10.12"]
[Round "10"]
[White "Karthik, Sai Ch"]
[Black "Patil, Pratik"]
[Result "0-1"]
[WhiteElo "2059"]
[BlackElo "2280"]
[PlyCount "90"]
[EventDate "2018.10.05"]
[EventType "swiss"]
[EventRounds "10"]
[EventCountry "IND"]
[SourceTitle "CBM 186 Extra"]
[Source "ChessBase"]
[SourceDate "2018.08.24"]
[SourceVersion "1"]
[SourceVersionDate "2018.08.24"]
[SourceQuality "1"]

1. d4 Nf6 2. Nf3 g6 3. Nc3 d5 4. Bf4 Bg7 5. e3 0-0 6. Be2 c6 7. Ne5 Nbd7 8. h4 Qb6 9. Qd2 Qxb2 10. Rb1 Qa3 11. Nxd7 Nxd7 12. 0-0 e5 13. dxe5 Nxe5 14. Rb3 Qe7 15. Bg5 Qc7 16. Bf4 Be6 17. Rbb1 Qa5 18. Ne4 Qxd2 19. Nxd2 b6 20. Ba6 Rad8 21. a4 d4 22. Bxe5 Bxe5 23. Nc4 Bf6 24. g3 dxe3 25. Nxe3 Rd4 26. c4 Rd7 27. Rbd1 Bd4 28. Bb7 Bxe3 29. Rxd7 Bxf2+ 30. Rxf2 Bxd7 31. Rd2 Be6 32. Bxc6 Bxc4 33. Rd7 Rc8 34. Be4 a6 35. Rb7 b5 36. axb5 axb5 37. g4 Re8 38. Bc6 Re6 39. Bxb5 Bxb5 40. Rxb5 Re4 41. g5 Rxh4 42. Kg2 Rf4 43. Kg3 Rf1 44. Kg4 Kg7 45. Kg3 Rf5 0-1